=LDR 00000nam 2200000 4500 =001 INLIS000000000042078 =005 20130612151557 =008 ***********************************Ind** =035 ##$$0010-061300000042078 =041 ##$$a Ind =082 ##$$a 512.9 =090 ##$$a 512.9, Wid B =100 ##$$a Widayat Wahyu =245 ##$$a Buku Materi Pokok Matematika II, EKU 205/3SKS/Modul1-5 =260 ##$$a 1985 $b Jakarta =300 ##$$a 1, Ilus, 216 hlm, 30 cm =850 ##$$a NBPNMAT